Fausto /

Guardado en:
Autor Principal: Goethe, Johan Wolfgang
Formato: Libro
Publicado: España : Edaf, 1985
Materias:
Etiquetas: Agregar Etiqueta
Sin Etiquetas, Sea el primero en etiquetar este registro!
LEADER 00480nam a22001815a 4500
001 CEM.cems002945
005 19000101000000.0
008 130507s1985##################000#0#####d
003 CEMS
082 0 4 |a 832.6 
100 1 |a Goethe, Johan Wolfgang 
245 1 0 |a Fausto /  |c Johan Wolfgang Goethe 
260 |a España :  |b Edaf,  |c 1985 
300 |a 318 p. 
653 |a Literatura 
653 |a Teatro 
653 |a Teatro aleman 
859 |a CEMS  |b BIB. CEMS - 11 de abril  |h 832.6  |i G555-2  |p 16258.91  |t Ej.1